<?xml version="1.0" encoding="UTF-8"?>
<record
    xmlns:xsi="http://www.w3.org/2001/XMLSchema-instance"
    xsi:schemaLocation="http://www.loc.gov/MARC21/slim http://www.loc.gov/standards/marcxml/schema/MARC21slim.xsd"
    xmlns="http://www.loc.gov/MARC21/slim">

  <leader>01235nam a2200301 i 4500</leader>
  <controlfield tag="001">180893</controlfield>
  <controlfield tag="003">ES-MaACL</controlfield>
  <controlfield tag="005">20231002145027.0</controlfield>
  <controlfield tag="008">120814s2010    sp           |||| | spa d</controlfield>
  <datafield tag="020" ind1=" " ind2=" ">
    <subfield code="a">978-84-9768-813-0</subfield>
  </datafield>
  <datafield tag="080" ind1=" " ind2=" ">
    <subfield code="a">342.514(460)</subfield>
  </datafield>
  <datafield tag="080" ind1=" " ind2=" ">
    <subfield code="a">327(460)"1975/..."</subfield>
  </datafield>
  <datafield tag="100" ind1="1" ind2=" ">
    <subfield code="a">Fern&#xE1;ndez-Palacios M., Miguel.</subfield>
    <subfield code="9">151292</subfield>
  </datafield>
  <datafield tag="245" ind1="1" ind2="0">
    <subfield code="a">Rey, Constituci&#xF3;n y pol&#xED;tica exterior / </subfield>
    <subfield code="c">Miguel Fern&#xE1;ndez-Palacios M. ; pr&#xF3;logo de Miguel &#xC1;ngel Moratinos.</subfield>
  </datafield>
  <datafield tag="260" ind1=" " ind2=" ">
    <subfield code="a">Madrid : </subfield>
    <subfield code="b">Ministerio de Asuntos Exteriores y de Cooperaci&#xF3;n : </subfield>
    <subfield code="b">Marcial Pons, Ediciones Jur&#xED;dicas y Sociales, </subfield>
    <subfield code="c">2010.</subfield>
  </datafield>
  <datafield tag="300" ind1=" " ind2=" ">
    <subfield code="a">367 p. ; </subfield>
    <subfield code="c">24 cm.</subfield>
  </datafield>
  <datafield tag="504" ind1=" " ind2=" ">
    <subfield code="a">Bibliograf&#xED;a: p. [345]-356.</subfield>
  </datafield>
  <datafield tag="650" ind1=" " ind2="7">
    <subfield code="a">Poder real-</subfield>
    <subfield code="z">Espa&#xF1;a.</subfield>
    <subfield code="9">151293</subfield>
  </datafield>
  <datafield tag="650" ind1=" " ind2="4">
    <subfield code="a">Monarqu&#xED;a-</subfield>
    <subfield code="z">Espa&#xF1;a-</subfield>
    <subfield code="y">S.XX.</subfield>
    <subfield code="9">15146</subfield>
  </datafield>
  <datafield tag="651" ind1=" " ind2=" ">
    <subfield code="a">Espa&#xF1;a-</subfield>
    <subfield code="x">Pol&#xED;tica exterior-</subfield>
    <subfield code="y">1975-1982.</subfield>
    <subfield code="9">171863</subfield>
  </datafield>
  <datafield tag="700" ind1="1" ind2=" ">
    <subfield code="a">Moratinos Cuyaub&#xE9;, Miguel &#xC1;ngel.</subfield>
    <subfield code="9">83158</subfield>
  </datafield>
  <datafield tag="710" ind1="1" ind2=" ">
    <subfield code="a">Espa&#xF1;a. </subfield>
    <subfield code="b">Ministerio de Asuntos Exteriores y de Cooperaci&#xF3;n.</subfield>
    <subfield code="9">3847</subfield>
  </datafield>
  <datafield tag="852" ind1=" " ind2=" ">
    <subfield code="a">ES-MaACL</subfield>
    <subfield code="j">A-12172</subfield>
    <subfield code="9">187772</subfield>
    <subfield code="b">R.147104</subfield>
    <subfield code="c">DEPO1</subfield>
    <subfield code="d">Olim: N-5177</subfield>
    <subfield code="x">Donacion: R.A.E</subfield>
  </datafield>
  <datafield tag="912" ind1=" " ind2=" ">
    <subfield code="9">6336</subfield>
    <subfield code="a">Real Academia Espa&#xF1;ola</subfield>
  </datafield>
  <datafield tag="942" ind1=" " ind2=" ">
    <subfield code="2">udc</subfield>
    <subfield code="c">MONOGRAFIA</subfield>
  </datafield>
  <datafield tag="999" ind1=" " ind2=" ">
    <subfield code="c">180893</subfield>
    <subfield code="d">180893</subfield>
  </datafield>
  <datafield tag="952" ind1=" " ind2=" ">
    <subfield code="0">0</subfield>
    <subfield code="1">0</subfield>
    <subfield code="2">udc</subfield>
    <subfield code="4">0</subfield>
    <subfield code="7">0</subfield>
    <subfield code="a">ATENEOM</subfield>
    <subfield code="b">ATENEOM</subfield>
    <subfield code="c">DEPO1</subfield>
    <subfield code="d">2012-08-14</subfield>
    <subfield code="e">DONACION</subfield>
    <subfield code="l">0</subfield>
    <subfield code="o">A-12172</subfield>
    <subfield code="p">1190090</subfield>
    <subfield code="r">2023-02-23 00:00:00</subfield>
    <subfield code="w">2023-02-23</subfield>
    <subfield code="y">MONOGRAFIA</subfield>
  </datafield>
</record>
